Влияние реологии топливных эмульсий на взаимодействие их капель с твердой поверхностью; Проблемы геологии и освоения недр; Т. 2

Xehetasun bibliografikoak
Parent link:Проблемы геологии и освоения недр=Problems of Geology and Subsurface Development: труды XXV Международного симпозиума имени академика М. А. Усова студентов и молодых учёных, посвященного 120-летию горногеологического образования в Сибири, 125-летию со дня основания Томского политехнического университета, Томск, 5-9 апреля 2021 г./ Национальный исследовательский Томский политехнический университет, Инженерная школа природных ресурсов ; гл. ред. Н. В. Гусева ; под ред. Е. Ю. Пасечник.— , 2021
Т. 2.— 2021.— [С. 158-159]
Egile nagusia: Ашихмин А. Е. Александр Евгеньевич
Erakunde egilea: Национальный исследовательский Томский политехнический университет Инженерная школа энергетики Научно-образовательный центр И. Н. Бутакова (НОЦ И. Н. Бутакова)
Beste egile batzuk: Семёнова А. Е. Александра Евгеньевна (научный руководитель), Хомутов Н. А. Никита Андреевич, Пискунов М. В. Максим Владимирович
Gaia:Заглавие с экрана
Hizkuntza:errusiera
Argitaratua: 2021
Saila:Энергосбережение, автоматизация объектов нефтегазовой промышленности
Gaiak:
Sarrera elektronikoa:http://earchive.tpu.ru/handle/11683/68568
Formatua: MixedMaterials Baliabide elektronikoa Liburu kapitulua
KOHA link:https://koha.lib.tpu.ru/cgi-bin/koha/opac-detail.pl?biblionumber=633615

MARC

LEADER 00000naa2a2200000 4500
001 633615
005 20231101133754.0
035 |a (RuTPU)RU\TPU\conf\35363 
035 |a RU\TPU\conf\35362 
090 |a 633615 
100 |a 20211012d2021 k y0rusy50 ca 
101 0 |a rus 
102 |a RU 
105 |a y z 100zy 
135 |a drcn ---uucaa 
181 0 |a i  
182 0 |a b 
200 1 |a Влияние реологии топливных эмульсий на взаимодействие их капель с твердой поверхностью  |f А. Е. Ашихмин, А. Е. Семенова, Н. А. Хомутов  |g науч. рук. М. В. Пискунов 
203 |a Текст  |c электронный 
225 1 |a Энергосбережение, автоматизация объектов нефтегазовой промышленности 
230 |a 1 компьютерный файл (pdf; 1 040 Kb) 
300 |a Заглавие с экрана 
320 |a [Библиогр.: с. 159 (6 назв.)] 
461 1 |0 (RuTPU)RU\TPU\conf\35202  |t Проблемы геологии и освоения недр  |l Problems of Geology and Subsurface Development  |o труды XXV Международного симпозиума имени академика М. А. Усова студентов и молодых учёных, посвященного 120-летию горногеологического образования в Сибири, 125-летию со дня основания Томского политехнического университета, Томск, 5-9 апреля 2021 г.  |o в 2 т.  |f Национальный исследовательский Томский политехнический университет, Инженерная школа природных ресурсов ; гл. ред. Н. В. Гусева ; под ред. Е. Ю. Пасечник  |d 2021 
463 1 |0 (RuTPU)RU\TPU\conf\35204  |t Т. 2  |v [С. 158-159]  |d 2021 
610 1 |a труды учёных ТПУ 
610 1 |a электронный ресурс 
610 1 |a реология 
610 1 |a топливные эмульсии 
610 1 |a капли 
610 1 |a твердые поверхности 
610 1 |a реологические свойства 
700 1 |a Ашихмин  |b А. Е.  |c специалист в области теплоэнергетики и теплотехники  |c инженер-исследователь Томского политехнического университета  |f 1998-  |g Александр Евгеньевич  |2 stltpush  |3 (RuTPU)RU\TPU\pers\47568 
701 1 |a Семёнова  |b А. Е.  |c специалист в области теплоэнергетики и теплотехники  |c инженер-исследователь Томского политехнического университета  |f 1998-  |g Александра Евгеньевна  |2 stltpush  |3 (RuTPU)RU\TPU\pers\47496 
701 1 |a Хомутов  |b Н. А.  |c специалист в области теплоэнергетики и теплотехники  |c инженер-исследователь Томского политехнического университета  |f 1997-  |g Никита Андреевич  |2 stltpush  |3 (RuTPU)RU\TPU\pers\47494 
702 1 |a Пискунов  |b М. В.  |c специалист в области теплотехники  |c инженер Томского политехнического университета  |f 1991-  |g Максим Владимирович  |2 stltpush  |4 727 
712 0 2 |a Национальный исследовательский Томский политехнический университет  |b Инженерная школа энергетики  |b Научно-образовательный центр И. Н. Бутакова (НОЦ И. Н. Бутакова)  |h 8025  |2 stltpush  |3 (RuTPU)RU\TPU\col\23504 
801 2 |a RU  |b 63413507  |c 20230517  |g RCR 
856 4 |u http://earchive.tpu.ru/handle/11683/68568 
942 |c BK